[Event "Hessen-ch Seniors"]
[Site "Offenbach"]
[Date "2005.03.29"]
[Round "3"]
[White "Koch, Horst"]
[Black "Schulz, Eckhard"]
[Result "1/2-1/2"]
[WhiteElo "1497"]
[BlackElo "1823"]
[PlyCount "126"]
[EventDate "2005.03.28"]
[EventType "swiss"]
[EventRounds "7"]
[EventCountry "GER"]
[SourceTitle "EXT 2006"]
[Source "ChessBase"]
[SourceDate "2005.11.24"]
[SourceVersion "1"]
[SourceVersionDate "2005.11.24"]
[SourceQuality "1"]

1. Nc3 c6 2. d4 d5 3. e4 dxe4 4. Nxe4 Bf5 5. Ng3 Bg6 6. Nf3 Nd7 7. Bd3 Bxd3 8. Qxd3 Ngf6 9. 0-0 e6 10. Bg5 Be7 11. Bxf6 Nxf6 12. Rad1 0-0 13. c4 Qc7 14. Ne2 Rfd8 15. Qc2 c5 16. b3 a6 17. Rd2 cxd4 18. Nexd4 Bb4 19. Rdd1 Rd7 20. Qe2 Rad8 21. Nc2 Bc3 22. Rxd7 Qxd7 23. h3 Qd3 24. Qxd3 Rxd3 25. Ne3 e5 26. Rd1 e4 27. Rxd3 exd3 28. Kf1 Ne4 29. Nd1 Bb4 30. Ne5 d2 31. Ke2 f5 32. Nd3 Bd6 33. f3 Nf6 34. Kxd2 Kf7 35. Ke2 g5 36. g4 fxg4 37. hxg4 h5 38. gxh5 Nxh5 39. Ne3 Ke6 40. Kf2 b5 41. cxb5 axb5 42. Kg2 Nf4+ 43. Nxf4+ Bxf4 44. Nc2 Kd5 45. Kf2 Bc1 46. Ke2 Bf4 47. Kd3 Bd6 48. Ne3+ Kc5 49. Nc2 Kd5 50. Nd4 b4 51. Nf5 Bf8 52. Ne3+ Ke5 53. Ng2 Kd5 54. f4 Be7 55. fxg5 Bxg5 56. Ne1 Bf6 57. Nc2 Kc5 58. Ke4 Bh8 59. Ne3 Bb2 60. Nc4 Ba1 61. Kd3 Bg7 62. a3 bxa3 63. Nxa3 Kb4 1/2-1/2

[Event "Bad Breisig Seniors op 3rd"]
[Site "Bad Breisig"]
[Date "2002.??.??"]
[Round "6"]
[White "Johannsen, Ingbert"]
[Black "Schulz, Eckhard"]
[Result "1-0"]
[WhiteElo "1979"]
[BlackElo "1889"]
[PlyCount "57"]
[EventDate "2002.07.??"]
[EventType "swiss"]
[EventRounds "9"]
[EventCountry "GER"]
[SourceTitle "EXT 2006"]
[Source "ChessBase"]
[SourceDate "2005.11.24"]
[SourceVersion "1"]
[SourceVersionDate "2005.11.24"]
[SourceQuality "1"]

1. e4 c6 2. d3 d5 3. f3 e5 4. g3 g6 5. Qe2 d4 6. Nh3 Bg7 7. Bg2 Ne7 8. 0-0 0-0 9. f4 Na6 10. fxe5 Bxe5 11. Bh6 Bg7 12. Bxg7 Kxg7 13. Nd2 f5 14. Nf4 Nc7 15. Rae1 fxe4 16. dxe4 Ne6 17. Nd3 Ng8 18. Rf2 Bd7 19. Ref1 Qe7 20. Nf3 c5 21. Nde5 Rae8 22. Nxd7 Qxd7 23. Bh3 h6 24. Ne5 Qe7 25. Rf7+ Rxf7 26. Rxf7+ Qxf7 27. Nxf7 Kxf7 28. Qb5 b6 29. Qd7+ 1-0